| 000 | 00759nam a2200193Ii 4500 | ||
|---|---|---|---|
| 003 | JO-AjNU | ||
| 008 | 230605s9999||||xx |||||||||||||| ||und|| | ||
| 040 |
_aJO-AjNU _bara _erda _cJO-AjNU |
||
| 041 | _aara | ||
| 050 | 1 | 4 | _aU162 1997 |
| 100 | 3 |
_aمكاي ، الوين ؛ ترجمة خلدون يوسف, _eauthor _915282 |
|
| 245 | 0 | 0 | _aالتقدم والتطور العلمي الحديث اليورانيوم ،البلوتونيوم،الذرات،الانشطار،الاسلحة الحديثة |
| 264 | 3 | 1 | _aبغداد:دار المامون,1997 |
| 300 | _a218ص | ||
| 336 |
_atext _btxt _2rdacontent |
||
| 337 |
_aunmediated _bn _2rdamedia |
||
| 338 |
_avolume _bnc _2rdacarrier |
||
| 650 | 4 |
_aاليورانيوم -جوانب اقتصادية _915283 |
|
| 999 |
_aA4278 _c7846 _d7846 |
||